Score 0/21 Timer 06:00
0 Plays Today
Year Movie Title % Correct
20028 Mile
85.6%
2000The Whole Nine Yards
47.2%
2005The Longest Yard
44%
1999The Green Mile
44%
2004The Whole Ten Yards
35.2%
1984Footloose
29.6%
1989My Left Foot
27.2%
2001Hedwig and the Angry Inch
8.8%
20013000 Miles to Graceland
8.8%
2002Moonlight Mile
5.6%
2006Happy Feet
5.6%
Year Movie Title % Correct
2000The Yards
4%
201044 Inch Chest
4%
1971Never Give an Inch
1.6%
2008100 Feet
1.6%
2006Barnyard
0.8%
2009Tum Mile
0.8%
1943Best Foot Forward
0.8%
2005Mama's Foot
0.8%
2007Stomp the Yard
0%
2008Ten Inch Hero
0%
Remove Ads.
Support Sporcle.
Get the best of Sporcle when you Go Orange. This ad-free experience offers more features, more stats, and more fun while also helping to support Sporcle. Thank you for becoming a member.

You're not logged in!

Compare scores with friends on all Sporcle quizzes.
OR
Log In

Show Comments

Extras

Created Oct 28, 2010ReportNominate
Tags:Movie Titles Quiz, length, star, unit

Top Quizzes Today


Score Distribution

Your Account Isn't Verified!

In order to create a playlist on Sporcle, you need to verify the email address you used during registration. Go to your Sporcle Settings to finish the process.

Report this User

Report this user for behavior that violates our Community Guidelines.

Details: